=LDR 00000nam 2200000 4500 =001 INLIS000000000053951 =005 20190508084935 =035 ##$$a 0010-0519000013 =007 ta =008 190508###########################0###### =082 ##$$a 371.8 =084 ##$$a 371.8 SOf p =100 #$$a Sofyan Sauri =245 1#$$a Pendidikan Berbahasa Santun =260 ##$$a Bandung :$b Genesindo,$c 2005 =300 ##$$a iv,153 hlm, : $b Illus , =990 ##$$a 08720872